000 00566nam a2200205 a 4500
005 20140412111311.0
008 010425s19uu xx 00 eng d
020 _a0-8234-0844-2
050 _aTR(PS E
_bBa11 1989
100 _aAsch, Frank
245 _aBaby in the box /
_cFrank Asch.
250 _a1st Ed.
260 _aNew York :
_bHoliday House,
_c1989.
300 _a1v. (unp.) ; ill.
520 _aBaby, a fox and an ox play with blocks in a box.
650 _aBabie-Fiction
650 _aPlay-Fiction
650 _aStories in rhyme
999 _c103977
_d103977